<?xml version="1.0" encoding="UTF-8"?>
<record
    xmlns:xsi="http://www.w3.org/2001/XMLSchema-instance"
    xsi:schemaLocation="http://www.loc.gov/MARC21/slim http://www.loc.gov/standards/marcxml/schema/MARC21slim.xsd"
    xmlns="http://www.loc.gov/MARC21/slim">

  <leader>03290nam a2200553Ia 4500</leader>
  <controlfield tag="001">6930</controlfield>
  <controlfield tag="008">241029s9999    xx            000 0 und d</controlfield>
  <datafield tag="010" ind1=" " ind2=" ">
    <subfield code="a">6551</subfield>
  </datafield>
  <datafield tag="041" ind1=" " ind2=" ">
    <subfield code="a">Espa&#xF1;ol</subfield>
  </datafield>
  <datafield tag="082" ind1=" " ind2=" ">
    <subfield code="a">TAE - 2016</subfield>
  </datafield>
  <datafield tag="245" ind1=" " ind2="0">
    <subfield code="a">Integraci&#xF3;n del uso de las TIC en el Proceso de Ense&#xF1;anza- Aprendizaje de los docentes del primer ciclo del nivel medio del Liceo Rep&#xFA;blica de Taiw&#xE1;n Santo Domingo Norte del a&#xF1;o lectivo 2015-2016.</subfield>
  </datafield>
  <datafield tag="260" ind1=" " ind2=" ">
    <subfield code="a">Santo Domingo</subfield>
  </datafield>
  <datafield tag="300" ind1=" " ind2=" ">
    <subfield code="a">57</subfield>
  </datafield>
  <datafield tag="520" ind1=" " ind2=" ">
    <subfield code="a">67</subfield>
  </datafield>
  <datafield tag="630" ind1=" " ind2=" ">
    <subfield code="a">Nivel Medio</subfield>
  </datafield>
  <datafield tag="630" ind1=" " ind2=" ">
    <subfield code="a">Pr&#xE1;ctica Docente</subfield>
  </datafield>
  <datafield tag="630" ind1=" " ind2=" ">
    <subfield code="a">Proceso de Ense&#xF1;anza-Aprendizaje</subfield>
  </datafield>
  <datafield tag="630" ind1=" " ind2=" ">
    <subfield code="a">Tecnolog&#xED;a de la Informaci&#xF3;n y Comunicaci&#xF3;n (TICs)</subfield>
  </datafield>
  <datafield tag="650" ind1=" " ind2=" ">
    <subfield code="a">Tecnolog&#xED;a de la Informaci&#xF3;n y de la Comunicaci&#xF3;n (TICs)</subfield>
  </datafield>
  <datafield tag="690" ind1=" " ind2=" ">
    <subfield code="a">Elaborado</subfield>
  </datafield>
  <datafield tag="700" ind1=" " ind2=" ">
    <subfield code="e">asesor</subfield>
    <subfield code="a">Jakobe Palazio, Gorka</subfield>
  </datafield>
  <datafield tag="700" ind1=" " ind2=" ">
    <subfield code="e">autor</subfield>
    <subfield code="a">Mercedes Santana, C&#xE1;ndida Mar&#xED;a</subfield>
  </datafield>
  <datafield tag="901" ind1=" " ind2=" ">
    <subfield code="a">{"1":"Mercedes Santana"}</subfield>
    <subfield code="b">{"1":"C&#xE1;ndida Mar&#xED;a"}</subfield>
  </datafield>
  <datafield tag="902" ind1=" " ind2=" ">
    <subfield code="a">1</subfield>
  </datafield>
  <datafield tag="903" ind1=" " ind2=" ">
    <subfield code="a">{"1":"Jakobe Palazio"}</subfield>
    <subfield code="b">{"1":"Gorka"}</subfield>
  </datafield>
  <datafield tag="904" ind1=" " ind2=" ">
    <subfield code="a">M&#xE1;ster universitario oficial en</subfield>
  </datafield>
  <datafield tag="905" ind1=" " ind2=" ">
    <subfield code="a">Tecnolog&#xED;a aprendizaje y educaci&#xF3;n</subfield>
  </datafield>
  <datafield tag="906" ind1=" " ind2=" ">
    <subfield code="a">2</subfield>
  </datafield>
  <datafield tag="907" ind1=" " ind2=" ">
    <subfield code="a">NO APLICA</subfield>
  </datafield>
  <datafield tag="908" ind1=" " ind2=" ">
    <subfield code="a">NO APLICA</subfield>
  </datafield>
  <datafield tag="909" ind1=" " ind2=" ">
    <subfield code="a">Instituto Global de Altos Estudios en Ciencias Sociales (IGLOBAL)</subfield>
  </datafield>
  <datafield tag="910" ind1=" " ind2=" ">
    <subfield code="a">NULL</subfield>
    <subfield code="b">NULL</subfield>
  </datafield>
  <datafield tag="911" ind1=" " ind2=" ">
    <subfield code="a">["1"]</subfield>
  </datafield>
  <datafield tag="912" ind1=" " ind2=" ">
    <subfield code="a">Universidad del Pa&#xED;s Vasco/ Euskal Herriko Unibertsitatea (UPV/EHU) </subfield>
  </datafield>
  <datafield tag="913" ind1=" " ind2=" ">
    <subfield code="a">NULL</subfield>
  </datafield>
  <datafield tag="914" ind1=" " ind2=" ">
    <subfield code="a">17 de Octubre de 2016</subfield>
  </datafield>
  <datafield tag="915" ind1=" " ind2=" ">
    <subfield code="a">10/11/19 12:11</subfield>
  </datafield>
  <datafield tag="916" ind1=" " ind2=" ">
    <subfield code="a">NULL</subfield>
  </datafield>
  <datafield tag="917" ind1=" " ind2=" ">
    <subfield code="a">NULL</subfield>
  </datafield>
  <datafield tag="918" ind1=" " ind2=" ">
    <subfield code="a">NO APLICA</subfield>
  </datafield>
  <datafield tag="919" ind1=" " ind2=" ">
    <subfield code="a">["240","162","163","296"]</subfield>
  </datafield>
  <datafield tag="520" ind1=" " ind2=" ">
    <subfield code="a">Este trabajo de investigaci&#xF3;n tuvo como objetivo Analizar c&#xF3;mo integrar las TIC en el proceso de ense&#xF1;anza-aprendizaje en la pr&#xE1;ctica docente del primer ciclo del nivel medio en el Liceo Vespertino Rep&#xFA;blica de Taiw&#xE1;n, ubicado en Santo Domingo Norte.Esta investigaci&#xF3;n es descriptiva estuvo conformada por un docente de inform&#xE1;tica y 147 estudiantes. Como este universo es muy peque&#xF1;o se tomar&#xE1; el 100 % de docente y 101 estudiantes equivalente al 69% de la poblaci&#xF3;n estudiantil, se utiliz&#xF3; un cuestionario con preguntas cerradas, para obtener informaciones sobre el conocimiento did&#xE1;ctico del docente y de los alumnos sobre el conocimiento en la asimilaci&#xF3;n de los contenidos impartidos.&#xA0;Al finalizar la investigaci&#xF3;n pudimos notar que la mayor parte de los docentes entrevistados tienen conocimientos tecnol&#xF3;gicos, aunque no lo integren de la forma correcta y est&#xE1;n interesados en mejorar la forma de integrar la TIC. Algunos todav&#xED;a se resisten a la integraci&#xF3;n ya sea por miedo, timidez, temor a salir de zona de confort, y no cuentan con recursos tecnol&#xF3;gicos suficientes para que los docentes puedan integrar las TIC de forma correcta.&#xA0;Se recomend&#xF3; que el docente debe afianzar m&#xE1;s sus conocimientos tecnol&#xF3;gicos para poder integrar las TIC de forma correcta y fruct&#xED;fera en el proceso de ense&#xF1;anza y aprendizaje y as&#xED; poder obtener los aprendizajes significativos de los estudiantes, de tal modo que estos puedan presentar nuevas alternativas en la ejecuci&#xF3;n de las tareas y tener mayor dominio en su aprendizaje.</subfield>
  </datafield>
  <datafield tag="921" ind1=" " ind2=" ">
    <subfield code="a">63</subfield>
  </datafield>
  <datafield tag="922" ind1=" " ind2=" ">
    <subfield code="a">63</subfield>
  </datafield>
  <datafield tag="923" ind1=" " ind2=" ">
    <subfield code="a">1</subfield>
  </datafield>
  <datafield tag="924" ind1=" " ind2=" ">
    <subfield code="a">20191109205814</subfield>
  </datafield>
  <datafield tag="942" ind1=" " ind2=" ">
    <subfield code="c">Tesis</subfield>
  </datafield>
  <datafield tag="999" ind1=" " ind2=" ">
    <subfield code="c">6551</subfield>
    <subfield code="d">6551</subfield>
  </datafield>
</record>
